02540nam a2200289 a 4500001001000000003000900010005001700019008004100036020001500077040002500092082001800117100003300135245013700168260003900305300002600344500003400370500005700404504007300461504004100534505142500575650004102000650005102041650004702092650001202139651005102151651004802202000005022DO-SdBNP20250915101642.0090729s2004 dr ac 001 0 spa d a9993433845 aDO-SdBNPbspacBNPHU a320.54bA162p1 aAbréu, Dió-genes,d1959-10aPerejil :bel ocaso de la "hispanidad" dominicana : celebración de la multiplicidad cultural desde New York /cDiógenes Abréu. aSanto Domingo :bMediabyte,c2004. a370 p. :bil., retrs. aIncluye índice onomástico aIncluye datos biográficos del autor en las solapas aIncluye referencias bibliográficas y notas al pie de las páginas aIncluye bibliografías (p. 357-364)2 aDedicatoria -- Decir "Perejil": palabras introductorias a un texto más necesario -- ¡Que viva Trujillo, coño! ¿Y a eso le llamas tú introducción? -- Haití on my mind (Haití en mi mente): confieso que he vivido estas memorias -- El negro bembón: la ideología del fetichismo cultural "hispano" como rapiña social anti-negro -- Mami, ¿qué será lo que quiere el negro? Cómo se destripa culturalmente al negro -- ¡Y el negro ahí: "ahora Papá Candelo quiere que le canten babalú" -- Lengua e`mime: la lingüística como legislación: "por nuestra especificidad como pueblo" o el pasado cual panteón nacional anti-haitiano -- ¡Me pego y me pego, ay mangué! La nación como brincos teóricos en 12 asaltos ideológicos -- Whay up, nigga? El cominicanyork como terrorista cultural -- Miscelánea: la evidencia histórica como migajas de la verdad -- La revolución traicionada, Haití: clase y poder como valores socio-históricos -- El pendejo de Marx: la ideología como ventorrillo teórico -- Contradicción y diualismo: también sobrevive el fuego en las profundidades del mar -- Apologistas del Perejil o sobre cómo se le canta al "hispanismo" atrapado en las fronteras culturales del monolingüismo y monoterritorialismo -- Alfa y Omega: todo final es un principio, toda singularidad descansa en oposición a un pluralismo -- Bibliografía -- Indice onomástico. 4aNacionalismozRepública Dominicana 4aHaitíxRelaciones con República Dominicana 4aIdentidad culturalzRepública Dominicana 0aRacismo 4aRepública DominicanaxRelaciones con Haití 4aRepública DominicanaxRelaciones raciales